| 000 | 01276nam0a22003011 4500 | ||
|---|---|---|---|
| 001 | rc\3270011 | ||
| 005 | 20130115144123.6 | ||
| 021 |
_aRU _b[75-3416] |
||
| 035 | _a(NLR Aleph) 007487519 | ||
| 090 |
_a7582259 _c7582259 |
||
| 100 | _a20130115d1974 |||y0rusy50 ca | ||
| 101 | 0 | _arus | |
| 102 | _aRU | ||
| 105 | _aa z ||||| | ||
| 200 | 1 |
_aСороудерживающие решетки ГЭС _e[Обзор] _fМ-во энергетики и электрификации СССР. Главниипроект. ВНИИГ им. Б.Е. Веденеева. Гидропроект им. С.Я. Жука |
|
| 210 |
_aЛенинград _cЭнергия. Ленингр. отд-ние _d1974 |
||
| 215 |
_a53 с. _cчерт. _d20 |
||
| 320 | _aСписок пат.: с. 28-52 | ||
| 532 | 1 | 2 | _aСороудерживающие решетки гидроэлектростанции |
| 606 |
_aГидроэлектрические станции _xВодное хозяйство _2psbo |
||
| 606 |
_aВодоприемники _xРешетки сороудерживающие _2psbo |
||
| 700 | 1 |
_aЦывьян _bЛ. М. |
|
| 701 | 1 |
_aСмирнова _bТ. С. |
|
| 801 | 0 |
_aRU _bNLR _gpsbo |
|
| 801 | 1 |
_aRU _bELAR _2rusmarc |
|
| 852 |
_aNLR _j74-4/35388 |
||
| 942 | _cBOOK | ||
| 980 | _aNB | ||